[Event "Albert Boxer Classic op"]
[Site "Winnipeg CAN"]
[Date "2008.05.25"]
[Round "4"]
[White "Khedkar, Jay S"]
[Black "Vincent, Trevor"]
[Result "0-1"]
[WhiteElo "1883"]
[BlackElo "2176"]
[PlyCount "72"]
[GameId "2160767910354561"]
[EventDate "2008.05.23"]
[EventType "swiss"]
[EventRounds "5"]
[EventCountry "CAN"]
[SourceTitle "EXT 2011"]
[Source "ChessBase"]
[SourceDate "2011.11.26"]
[SourceVersion "1"]
[SourceVersionDate "2011.11.26"]
[SourceQuality "1"]

1. e4 c5 2. Nf3 e6 3. d4 cxd4 4. Nxd4 Nc6 5. Nb5 d6 6. c4 Nf6 7. N1c3 a6 8. Na3 Be7 9. Be2 O-O 10. Be3 b6 11. O-O Bb7 12. Rc1 Rc8 13. f4 Re8 14. Bf3 Na5 15. Qd3 d5 16. cxd5 Bxa3 17. bxa3 Nc4 18. Bd4 exd5 19. Bxf6 Qxf6 20. Nxd5 Bxd5 21. exd5 b5 22. a4 Nb2 23. Rxc8 Rxc8 24. Qd2 Nxa4 25. d6 Rd8 26. Rc1 Nb6 27. Rc6 Nc4 28. Qd5 Qc3 29. Kf2 Qc2+ 30. Kg3 Qg6+ 31. Kf2 Nxd6 32. f5 Qf6 33. g4 Qh4+ 34. Kg2 Nxf5 35. Qe4 g6 36. Rxa6 Rd2+ 0-1

[Event "Albert Boxer Classic op"]
[Site "Winnipeg CAN"]
[Date "2008.05.25"]
[Round "4"]
[White "Kong, Dezheng"]
[Black "Wiebe, Daniel"]
[Result "1-0"]
[WhiteElo "1862"]
[BlackElo "1871"]
[PlyCount "43"]
[GameId "2160767910354562"]
[EventDate "2008.05.23"]
[EventType "swiss"]
[EventRounds "5"]
[EventCountry "CAN"]
[SourceTitle "EXT 2011"]
[Source "ChessBase"]
[SourceDate "2011.11.26"]
[SourceVersion "1"]
[SourceVersionDate "2011.11.26"]
[SourceQuality "1"]

1. e4 e5 2. Nf3 Nc6 3. Bb5 a6 4. Ba4 Bc5 5. O-O d6 6. c3 Bg4 7. d3 Qd7 8. Be3 O-O-O 9. d4 b5 10. dxc5 bxa4 11. Qxa4 Bxf3 12. Qxa6+ Kb8 13. gxf3 Nf6 14. b4 Nxe4 15. b5 Nxc5 16. Bxc5 dxc5 17. bxc6 Qc8 18. Qxc8+ Kxc8 19. Na3 f6 20. Nb5 c4 21. Rab1 Rde8 22. Rfd1 1-0

[Event "Albert Boxer Classic op"]
[Site "Winnipeg CAN"]
[Date "2008.05.25"]
[Round "4"]
[White "Lipnowski, Samuel"]
[Black "Kaptsan, Aron"]
[Result "1/2-1/2"]
[WhiteElo "2282"]
[BlackElo "2005"]
[PlyCount "43"]
[GameId "2160767910354563"]
[EventDate "2008.05.23"]
[EventType "swiss"]
[EventRounds "5"]
[EventCountry "CAN"]
[SourceTitle "EXT 2011"]
[Source "ChessBase"]
[SourceDate "2011.11.26"]
[SourceVersion "1"]
[SourceVersionDate "2011.11.26"]
[SourceQuality "1"]

1. d4 Nf6 2. c4 e6 3. Nc3 Bb4 4. e3 Nc6 5. Bd3 d5 6. Nge2 a6 7. O-O O-O 8. Qc2 dxc4 9. Bxc4 Bd6 10. f4 b5 11. Bb3 Nb4 12. Qd1 Bb7 13. a3 Nbd5 14. Qd3 c5 15. Nxd5 exd5 16. dxc5 Bxc5 17. Nd4 Re8 18. Bc2 Qb6 19. Rd1 Bxd4 20. Qxd4 Qxd4 21. Rxd4 Ng4 22. Bb3 1/2-1/2

[Event "Albert Boxer Classic op"]
[Site "Winnipeg CAN"]
[Date "2008.05.25"]
[Round "4"]
[White "Swift, Ryne"]
[Black "Rutter, Blair"]
[Result "1/2-1/2"]
[WhiteElo "1285"]
[BlackElo "1873"]
[PlyCount "116"]
[GameId "2160767910354564"]
[EventDate "2008.05.23"]
[EventType "swiss"]
[EventRounds "5"]
[EventCountry "CAN"]
[SourceTitle "EXT 2011"]
[Source "ChessBase"]
[SourceDate "2011.11.26"]
[SourceVersion "1"]
[SourceVersionDate "2011.11.26"]
[SourceQuality "1"]

1. e4 e6 2. d4 d5 3. exd5 exd5 4. Nf3 Nf6 5. Bf4 c5 6. c3 Bg4 7. Be2 Nc6 8. Nbd2 Qb6 9. Qc2 Be7 10. dxc5 Bxc5 11. O-O O-O 12. Qb3 Rfe8 13. Qxb6 Bxb6 14. Rfe1 h6 15. Bb5 Bf5 16. Rxe8+ Rxe8 17. Bxc6 bxc6 18. Re1 Rxe1+ 19. Nxe1 Ng4 20. Bg3 g5 21. h3 Nf6 22. Kf1 Nd7 23. Nef3 c5 24. Nb3 f6 25. h4 g4 26. Nfd2 h5 27. a4 a5 28. f3 Bc2 29. Nc1 Bxa4 30. b3 Bc6 31. c4 d4 32. Ne2 f5 33. Nf4 Nf6 34. Nd3 Kg7 35. Be5 Be8 36. Nf4 Bd8 37. Ne6+ Kg6 38. Nxd8 Nd7 39. Bf4 Nb6 40. Bc7 a4 41. bxa4 Nxa4 42. Nb3 Nb2 43. Na5 Nxc4 44. Nxc4 Bb5 45. Nc6 Bxc4+ 46. Ke1 Bb5 47. Na7 Ba6 48. Bb6 c4 49. Bxd4 Kf7 50. Nc6 Ke6 51. Nb4 Bb7 52. fxg4 fxg4 53. g3 Kf5 54. Nc2 Ke4 55. Kd2 Bd5 56. Ba7 Bc6 57. Ne3 Kf3 58. Bb8 c3+ 1/2-1/2

[Event "Albert Boxer Classic op"]
[Site "Winnipeg CAN"]
[Date "2008.05.25"]
[Round "4"]
[White "Tang, Edward"]
[Black "Oberton, Daniel"]
[Result "0-1"]
[WhiteElo "1967"]
[BlackElo "1919"]
[PlyCount "54"]
[GameId "2160767910354565"]
[EventDate "2008.05.23"]
[EventType "swiss"]
[EventRounds "5"]
[EventCountry "CAN"]
[SourceTitle "EXT 2011"]
[Source "ChessBase"]
[SourceDate "2011.11.26"]
[SourceVersion "1"]
[SourceVersionDate "2011.11.26"]
[SourceQuality "1"]

1. d4 Nf6 2. c4 g6 3. Nc3 Bg7 4. e4 d6 5. Nf3 O-O 6. Be2 Nbd7 7. e5 dxe5 8. dxe5 Ng4 9. e6 fxe6 10. Qc2 Nde5 11. Bd2 c6 12. Nxe5 Nxe5 13. O-O-O Qc7 14. Ne4 b6 15. h4 c5 16. Bc3 Bb7 17. Ng5 Qc8 18. h5 Rf5 19. f4 Bxg2 20. Rh2 Qc6 21. Rg1 Rxg5 22. fxg5 Be4 23. Qd2 Bf5 24. Qe3 Qa4 25. Bd1 Nd3+ 26. Qxd3 Qxa2 27. Qe3 Rd8 0-1

[Event "Albert Boxer Classic op"]
[Site "Winnipeg CAN"]
[Date "2008.05.25"]
[Round "5"]
[White "Boron, Anthony"]
[Black "Lipnowski, Samuel"]
[Result "1/2-1/2"]
[WhiteElo "1998"]
[BlackElo "2282"]
[PlyCount "100"]
[GameId "2160767910354568"]
[EventDate "2008.05.23"]
[EventType "swiss"]
[EventRounds "5"]
[EventCountry "CAN"]
[SourceTitle "EXT 2011"]
[Source "ChessBase"]
[SourceDate "2011.11.26"]
[SourceVersion "1"]
[SourceVersionDate "2011.11.26"]
[SourceQuality "1"]

1. e4 c5 2. c3 Qa5 3. Nf3 g6 4. Na3 Bg7 5. Nc4 Qc7 6. d4 cxd4 7. cxd4 b5 8. Ne3 a6 9. Qc2 Qd8 10. Bd2 Bb7 11. Bd3 Nc6 12. d5 Nd4 13. Nxd4 Bxd4 14. O-O Nf6 15. Rac1 Bb6 16. a4 bxa4 17. Qxa4 O-O 18. Qb3 Rb8 19. Qa4 Bc7 20. Rc2 e6 21. Rfc1 Bf4 22. Ba5 Qe7 23. Bb4 Bd6 24. Bxd6 Qxd6 25. Nc4 Qf4 26. g3 Qh6 27. Nd6 Ba8 28. Qxa6 Rxb2 29. Rc8 Rb8 30. Rxf8+ Qxf8 31. dxe6 fxe6 32. f3 Bc6 33. Nc4 Qc5+ 34. Kg2 Kg7 35. Qa1 Qb4 36. Qc3 Qe7 37. g4 Kg8 38. Ne5 Ba8 39. Rc2 Rf8 40. Be2 Nxe4 41. fxe4 Bxe4+ 42. Bf3 Bxc2 43. Qxc2 Qf6 44. Qe2 Rd8 45. Qe3 d6 46. Nc6 Rd7 47. g5 Qb2+ 48. Kg3 e5 49. Bd5+ Kg7 50. Qf3 e4 1/2-1/2

[Event "Albert Boxer Classic op"]
[Site "Winnipeg CAN"]
[Date "2008.05.25"]
[Round "5"]
[White "Kaptsan, Aron"]
[Black "Liu, Weixi"]
[Result "1-0"]
[WhiteElo "2005"]
[BlackElo "1942"]
[PlyCount "39"]
[GameId "2160767910354569"]
[EventDate "2008.05.23"]
[EventType "swiss"]
[EventRounds "5"]
[EventCountry "CAN"]
[SourceTitle "EXT 2011"]
[Source "ChessBase"]
[SourceDate "2011.11.26"]
[SourceVersion "1"]
[SourceVersionDate "2011.11.26"]
[SourceQuality "1"]

1. d4 d5 2. c4 c6 3. Nc3 Nf6 4. Nf3 e6 5. e3 Be7 6. Bd3 O-O 7. O-O dxc4 8. Bxc4 c5 9. e4 cxd4 10. Nxd4 e5 11. Nf3 Qc7 12. Nd5 Nxd5 13. Bxd5 Bg4 14. h3 Bh5 15. Qb3 Nc6 16. g4 Bg6 17. Be3 Kh8 18. Rac1 f6 19. Nh4 Be8 20. Nf5 1-0

[Event "Albert Boxer Classic op"]
[Site "Winnipeg CAN"]
[Date "2008.05.25"]
[Round "5"]
[White "Kong, Dezheng"]
[Black "Khedkar, Jay S"]
[Result "0-1"]
[WhiteElo "1862"]
[BlackElo "1883"]
[PlyCount "88"]
[GameId "2160767910354570"]
[EventDate "2008.05.23"]
[EventType "swiss"]
[EventRounds "5"]
[EventCountry "CAN"]
[SourceTitle "EXT 2011"]
[Source "ChessBase"]
[SourceDate "2011.11.26"]
[SourceVersion "1"]
[SourceVersionDate "2011.11.26"]
[SourceQuality "1"]

1. d4 Nf6 2. c4 e6 3. Nc3 d5 4. Nf3 Nbd7 5. Bg5 c6 6. e3 Qa5 7. Bxf6 Nxf6 8. a3 Ne4 9. Qb3 Nxc3 10. Qxc3 Qxc3+ 11. bxc3 b6 12. Be2 Bd6 13. O-O Ba6 14. Nd2 Ke7 15. Rfe1 Bc7 16. cxd5 Bxe2 17. d6+ Bxd6 18. Rxe2 Rac8 19. a4 c5 20. c4 cxd4 21. exd4 Bb4 22. Rc1 Bxd2 23. Rxd2 Rhd8 24. Rcc2 e5 25. d5 Rc5 26. f3 Rdc8 27. Re2 Kd6 28. Re4 f5 29. Rh4 h6 30. Rh5 Rxc4 31. Rxc4 Rxc4 32. Rxf5 Rxa4 33. Rf7 b5 34. Rxg7 Kxd5 35. Rb7 Kc4 36. g4 b4 37. h4 Ra6 38. Kf2 b3 39. Ke3 Kc3 40. Rc7+ Kb2 41. Kd2 Ka3 42. Kc3 b2 43. Rb7 Rc6+ 44. Kd2 a5 0-1

[Event "Albert Boxer Classic op"]
[Site "Winnipeg CAN"]
[Date "2008.05.25"]
[Round "5"]
[White "Letain, Cory"]
[Black "Swift, Ryne"]
[Result "1-0"]
[WhiteElo "1456"]
[BlackElo "1285"]
[PlyCount "73"]
[GameId "2160767910354571"]
[EventDate "2008.05.23"]
[EventType "swiss"]
[EventRounds "5"]
[EventCountry "CAN"]
[SourceTitle "EXT 2011"]
[Source "ChessBase"]
[SourceDate "2011.11.26"]
[SourceVersion "1"]
[SourceVersionDate "2011.11.26"]
[SourceQuality "1"]

1. e4 e5 2. Nf3 Nc6 3. Bb5 a6 4. Ba4 Nf6 5. O-O b5 6. Bb3 Be7 7. Re1 d6 8. d4 Bg4 9. d5 Nd4 10. Nbd2 O-O 11. c3 Nxf3+ 12. Nxf3 Nd7 13. Bc2 f5 14. h3 Bxf3 15. Qxf3 f4 16. b4 a5 17. Bd3 Qb8 18. Qg4 Qe8 19. Bxb5 Nf6 20. Qe6+ Qf7 21. Qxf7+ Kxf7 22. Bc6 Ra7 23. b5 Kg8 24. a4 Nh5 25. Rb1 f3 26. Be3 Raa8 27. b6 cxb6 28. Bxa8 Rxa8 29. Bxb6 fxg2 30. Kxg2 Nf4+ 31. Kg3 Ra6 32. Rb5 Bh4+ 33. Kg4 Rxb6 34. Kxh4 Rxb5 35. axb5 Ng2+ 36. Kg5 Nxe1 37. b6 1-0

[Event "Albert Boxer Classic op"]
[Site "Winnipeg CAN"]
[Date "2008.05.25"]
[Round "5"]
[White "Raihman, Daniel"]
[Black "Tang, Edward"]
[Result "0-1"]
[WhiteElo "1725"]
[BlackElo "1967"]
[PlyCount "34"]
[GameId "2160767910354572"]
[EventDate "2008.05.23"]
[EventType "swiss"]
[EventRounds "5"]
[EventCountry "CAN"]
[SourceTitle "EXT 2011"]
[Source "ChessBase"]
[SourceDate "2011.11.26"]
[SourceVersion "1"]
[SourceVersionDate "2011.11.26"]
[SourceQuality "1"]

1. e4 e5 2. Nf3 Nf6 3. Nc3 Nc6 4. Bc4 Nxe4 5. Bxf7+ Kxf7 6. Nxe4 d5 7. Neg5+ Kg8 8. d3 h6 9. Nh3 Qf6 10. Nd2 Bxh3 11. gxh3 Bc5 12. Qf3 Qd6 13. Qg3 Nd4 14. Rg1 Qf6 15. Kd1 Kh7 16. Nf1 Nf3 17. Rg2 Nh4 0-1

[Event "Albert Boxer Classic op"]
[Site "Winnipeg CAN"]
[Date "2008.05.25"]
[Round "5"]
[White "Vincent, Trevor"]
[Black "Oberton, Daniel"]
[Result "1-0"]
[WhiteElo "2176"]
[BlackElo "1919"]
[PlyCount "79"]
[GameId "2160767910354574"]
[EventDate "2008.05.23"]
[EventType "swiss"]
[EventRounds "5"]
[EventCountry "CAN"]
[SourceTitle "EXT 2011"]
[Source "ChessBase"]
[SourceDate "2011.11.26"]
[SourceVersion "1"]
[SourceVersionDate "2011.11.26"]
[SourceQuality "1"]

1. c4 c5 2. g3 g6 3. Bg2 Nc6 4. Nc3 Bg7 5. Nf3 Rb8 6. e3 d6 7. d4 cxd4 8. Nxd4 Bd7 9. O-O Nf6 10. b3 O-O 11. Bb2 a6 12. Rc1 Ne5 13. h3 Qb6 14. Qd2 Rbc8 15. Rfd1 Rfd8 16. g4 h6 17. f4 Nc6 18. g5 Nh5 19. Nd5 Qa7 20. Nxc6 bxc6 21. Nxe7+ Kh7 22. Nxc8 Bxc8 23. Bxg7 Nxg7 24. Qf2 Qc7 25. gxh6 Nf5 26. e4 Nxh6 27. c5 dxc5 28. Rxd8 Qxd8 29. Rxc5 Qd3 30. Kh2 Bd7 31. Rc4 Qd6 32. Rd4 Qc7 33. Qg3 c5 34. Rd2 Bb5 35. a4 Bd7 36. f5 Qxg3+ 37. Kxg3 Bc8 38. Rd8 Bb7 39. Rd7 Bc6 40. fxg6+ 1-0

[Event "Albert Boxer Classic op"]
[Site "Winnipeg CAN"]
[Date "2008.05.25"]
[Round "5"]
[White "Wiebe, Daniel"]
[Black "Bince, Rolando"]
[Result "0-1"]
[WhiteElo "1871"]
[BlackElo "1928"]
[PlyCount "34"]
[GameId "2160767910354575"]
[EventDate "2008.05.23"]
[EventType "swiss"]
[EventRounds "5"]
[EventCountry "CAN"]
[SourceTitle "EXT 2011"]
[Source "ChessBase"]
[SourceDate "2011.11.26"]
[SourceVersion "1"]
[SourceVersionDate "2011.11.26"]
[SourceQuality "1"]

1. e4 c6 2. Nc3 d5 3. d4 dxe4 4. Nxe4 Nf6 5. Nxf6+ exf6 6. Bc4 Bd6 7. Ne2 Bg4 8. O-O O-O 9. d5 cxd5 10. Qxd5 Bxe2 11. Qxb7 Bxc4 12. Rd1 Bxh2+ 13. Kxh2 Qxd1 14. Qxa8 Bd5 15. Qxa7 Re8 16. b3 Qh5+ 17. Kg3 g5 0-1

[Event "Alberta-ch"]
[Site "Edmonton CAN"]
[Date "2008.03.21"]
[Round "1"]
[White "Gardner, Robert"]
[Black "Reeve, Jeff"]
[Result "0-1"]
[WhiteElo "2279"]
[BlackElo "2325"]
[PlyCount "44"]
[GameId "2160767910351382"]
[EventDate "2008.03.21"]
[EventType "tourn"]
[EventRounds "5"]
[EventCountry "CAN"]
[SourceTitle "EXT 2011"]
[Source "ChessBase"]
[SourceDate "2011.11.26"]
[SourceVersion "1"]
[SourceVersionDate "2011.11.26"]
[SourceQuality "1"]

1. g3 e5 2. Bg2 g6 3. b3 Bg7 4. Bb2 d5 5. f4 Nc6 6. fxe5 Nxe5 7. Nc3 Ne7 8. Nf3 Nxf3+ 9. Bxf3 Be6 10. e3 h5 11. Qe2 Qd7 12. O-O O-O-O 13. Qb5 Qxb5 14. Nxb5 Bxb2 15. Na3 Bg4 16. c4 dxc4 17. bxc4 Rhe8 18. Nc2 Bxf3 19. Rxf3 Rd7 20. h3 Red8 21. d4 c5 22. dxc5 Rc7 0-1

[Event "Alberta-ch"]
[Site "Edmonton CAN"]
[Date "2008.03.21"]
[Round "1"]
[White "Hansen, Eric"]
[Black "Kazmaier, Daniel"]
[Result "1/2-1/2"]
[WhiteElo "2326"]
[BlackElo "2262"]
[PlyCount "169"]
[GameId "2160767910351383"]
[EventDate "2008.03.21"]
[EventType "tourn"]
[EventRounds "5"]
[EventCountry "CAN"]
[SourceTitle "EXT 2011"]
[Source "ChessBase"]
[SourceDate "2011.11.26"]
[SourceVersion "1"]
[SourceVersionDate "2011.11.26"]
[SourceQuality "1"]

1. e4 c5 2. Nf3 Nc6 3. d4 cxd4 4. Nxd4 Nf6 5. Nc3 e6 6. Nxc6 dxc6 7. Qxd8+ Kxd8 8. Bf4 Bb4 9. O-O-O+ Bd7 10. f3 Nh5 11. Bg5+ f6 12. Be3 e5 13. Ne2 g6 14. g4 Ng7 15. g5 f5 16. f4 fxe4 17. Bh3 Nf5 18. Ng3 Kc7 19. fxe5 Be6 20. Bf4 e3 21. c3 Bc5 22. Bxf5 gxf5 23. b4 Bb6 24. Rd6 Rhe8 25. Rhd1 a5 26. a3 axb4 27. axb4 Ra1+ 28. Kc2 Ra2+ 29. Kd3 Bd5 30. e6 Bb3 31. Rd4+ Kc8 32. Re1 Rxe6 33. Rxe3 Rxe3+ 34. Bxe3 Bxd4 35. Kxd4 Be6 36. Ke5 Kd7 37. h4 Ke7 38. h5 Rh2 39. g6 hxg6 40. hxg6 Rh8 41. Bg5+ Kd7 42. g7 Re8 43. Kf4 c5 44. Nh5 Rc8 45. Nf6+ Kd6 46. bxc5+ Rxc5 47. g8=Q Rc4+ 48. Ke3 Bxg8 49. Nxg8 Rxc3+ 50. Kd4 Rb3 51. Nf6 Rb1 52. Ne8+ Ke6 53. Nc7+ Kf7 54. Be3 Rb4+ 55. Kc5 Re4 56. Nd5 Ke6 57. Nf4+ Kf6 58. Bd2 Kg5 59. Kd5 Kg4 60. Nd3 Kf3 61. Bc1 Ke2 62. Nc5 Rb4 63. Ba3 Rb5 64. Kc4 Rb6 65. Bc1 Rb1 66. Nb3 Kd1 67. Be3 Ke2 68. Bc1 Kd1 69. Be3 Rb2 70. Nd4 b5+ 71. Nxb5 Ke2 72. Nc3+ Kf3 73. Kd3 Rb8 74. Bc1 Rd8+ 75. Kc2 f4 76. Ba3 Kg2 77. Nd1 f3 78. Ne3+ Kf2 79. Be7 Rd7 80. Bg5 Ke2 81. Nf5 Rd5 82. Ng3+ Ke1 83. Bh4 Rd4 84. Nf5+ Rxh4 85. Nxh4 1/2-1/2

[Event "Alberta-ch"]
[Site "Edmonton CAN"]
[Date "2008.03.21"]
[Round "1"]
[White "Huber, Gregory"]
[Black "Kaminski, Victor"]
[Result "1-0"]
[WhiteElo "2348"]
[BlackElo "2291"]
[PlyCount "73"]
[GameId "2160767910351384"]
[EventDate "2008.03.21"]
[EventType "tourn"]
[EventRounds "5"]
[EventCountry "CAN"]
[SourceTitle "EXT 2011"]
[Source "ChessBase"]
[SourceDate "2011.11.26"]
[SourceVersion "1"]
[SourceVersionDate "2011.11.26"]
[SourceQuality "1"]

1. e4 c5 2. Nc3 Nc6 3. g3 g6 4. Bg2 Bg7 5. d3 d6 6. f4 e6 7. Nf3 Nge7 8. O-O O-O 9. Be3 Nd4 10. e5 Nef5 11. Bf2 Nxf3+ 12. Qxf3 Nd4 13. Qd1 d5 14. Na4 b6 15. b4 f6 16. c3 Nc6 17. bxc5 b5 18. Nb2 fxe5 19. fxe5 Nxe5 20. d4 Nc4 21. Nxc4 bxc4 22. Be3 Rxf1+ 23. Qxf1 Qa5 24. Qe1 Bb7 25. Rb1 Bc6 26. Bf4 e5 27. Bxe5 Re8 28. Qd2 Bxe5 29. dxe5 Rxe5 30. Rb8+ Kf7 31. Qf4+ Rf5 32. Qd6 Qa4 33. Qf8+ Ke6 34. Qd6+ Kf7 35. Rf8+ Kg7 36. Qe7+ Kh6 37. Rxf5 1-0

[Event "Alberta-ch"]
[Site "Edmonton CAN"]
[Date "2008.03.22"]
[Round "2"]
[White "Gardner, Robert"]
[Black "Hansen, Eric"]
[Result "0-1"]
[WhiteElo "2279"]
[BlackElo "2326"]
[PlyCount "58"]
[GameId "2160767910351385"]
[EventDate "2008.03.21"]
[EventType "tourn"]
[EventRounds "5"]
[EventCountry "CAN"]
[SourceTitle "EXT 2011"]
[Source "ChessBase"]
[SourceDate "2011.11.26"]
[SourceVersion "1"]
[SourceVersionDate "2011.11.26"]
[SourceQuality "1"]

1. f4 Nf6 2. Nf3 g6 3. c4 Bg7 4. Nc3 O-O 5. e4 d6 6. Be2 c5 7. d3 Nc6 8. Be3 Bg4 9. Qd2 Bxf3 10. Bxf3 e6 11. Ne2 Nd7 12. g4 Rb8 13. Rd1 b5 14. b3 a5 15. O-O a4 16. cxb5 Rxb5 17. Nc3 Bxc3 18. Qxc3 axb3 19. axb3 Qb6 20. Rb1 Rb8 21. Bd1 Nd4 22. Rf2 Nxb3 23. Rfb2 Nd4 24. Bxd4 Rxb2 25. Rxb2 cxd4 26. Rxb6 dxc3 27. Rb3 Rxb3 28. Bxb3 Nc5 29. Bc2 Na6 0-1

[Event "Alberta-ch"]
[Site "Edmonton CAN"]
[Date "2008.03.22"]
[Round "2"]
[White "Kazmaier, Daniel"]
[Black "Huber, Gregory"]
[Result "0-1"]
[WhiteElo "2262"]
[BlackElo "2348"]
[PlyCount "60"]
[GameId "2160767910351386"]
[EventDate "2008.03.21"]
[EventType "tourn"]
[EventRounds "5"]
[EventCountry "CAN"]
[SourceTitle "EXT 2011"]
[Source "ChessBase"]
[SourceDate "2011.11.26"]
[SourceVersion "1"]
[SourceVersionDate "2011.11.26"]
[SourceQuality "1"]

1. d4 Nf6 2. Bg5 c5 3. Bxf6 gxf6 4. d5 Qb6 5. Qc1 f5 6. c4 Bg7 7. Nc3 d6 8. Nf3 Nd7 9. g3 Ne5 10. Nd2 h5 11. h3 h4 12. f4 Ng6 13. e3 hxg3 14. Rg1 Bf6 15. Qc2 Rg8 16. Nf3 Nh4 17. Nxh4 Bxh4 18. O-O-O Bd7 19. Bd3 Bf6 20. Bxf5 Bxf5 21. Qxf5 Bxc3 22. bxc3 Qa6 23. e4 Qxc4 24. e5 Qxc3+ 25. Kb1 Rg6 26. Rd3 Qb4+ 27. Rb3 Qd4 28. Rgxg3 Qd1+ 29. Kb2 Qd2+ 30. Ka3 Rxg3 0-1

[Event "Alberta-ch"]
[Site "Edmonton CAN"]
[Date "2008.03.22"]
[Round "2"]
[White "Reeve, Jeff"]
[Black "Kaminski, Victor"]
[Result "1-0"]
[WhiteElo "2325"]
[BlackElo "2291"]
[PlyCount "48"]
[GameId "2160767910351387"]
[EventDate "2008.03.21"]
[EventType "tourn"]
[EventRounds "5"]
[EventCountry "CAN"]
[SourceTitle "EXT 2011"]
[Source "ChessBase"]
[SourceDate "2011.11.26"]
[SourceVersion "1"]
[SourceVersionDate "2011.11.26"]
[SourceQuality "1"]

1. e4 e6 2. d3 d5 3. Qe2 Nf6 4. e5 Nfd7 5. f4 c5 6. Nf3 Nc6 7. c3 b5 8. g3 Nb6 9. Bg2 Ba6 10. O-O Qc7 11. b3 Be7 12. Be3 O-O 13. d4 c4 14. b4 g6 15. Na3 Na4 16. Bd2 Qb6 17. Nc2 Bc8 18. h3 h5 19. Ne3 a5 20. bxa5 Qxa5 21. Ng5 Nxc3 22. Bxc3 Qb6 23. a4 b4 24. Bxb4 Bxg5 1-0

[Event "Alberta-ch"]
[Site "Edmonton CAN"]
[Date "2008.03.22"]
[Round "3"]
[White "Hansen, Eric"]
[Black "Reeve, Jeff"]
[Result "1-0"]
[WhiteElo "2326"]
[BlackElo "2325"]
[PlyCount "55"]
[GameId "2160767910351388"]
[EventDate "2008.03.21"]
[EventType "tourn"]
[EventRounds "5"]
[EventCountry "CAN"]
[SourceTitle "EXT 2011"]
[Source "ChessBase"]
[SourceDate "2011.11.26"]
[SourceVersion "1"]
[SourceVersionDate "2011.11.26"]
[SourceQuality "1"]

1. e4 c5 2. Nf3 d6 3. d4 cxd4 4. Nxd4 Nf6 5. Nc3 g6 6. Be2 Bg7 7. O-O Nc6 8. Be3 O-O 9. Kh1 d5 10. Nxc6 bxc6 11. e5 Nd7 12. f4 e6 13. Na4 Qe7 14. c4 f6 15. exf6 Bxf6 16. Rc1 Qg7 17. cxd5 cxd5 18. Bg4 Qf7 19. Qc2 a5 20. Qc6 Ra6 21. Qb5 Ra8 22. Rc6 Rb8 23. Qe2 Re8 24. Ba7 Rb4 25. Rxc8 Rxc8 26. Bxe6 Rxa4 27. Bxf7+ Kxf7 28. Qb5 1-0

[Event "Alberta-ch"]
[Site "Edmonton CAN"]
[Date "2008.03.22"]
[Round "3"]
[White "Huber, Gregory"]
[Black "Gardner, Robert"]
[Result "1/2-1/2"]
[WhiteElo "2348"]
[BlackElo "2279"]
[PlyCount "163"]
[GameId "2160767910351389"]
[EventDate "2008.03.21"]
[EventType "tourn"]
[EventRounds "5"]
[EventCountry "CAN"]
[SourceTitle "EXT 2011"]
[Source "ChessBase"]
[SourceDate "2011.11.26"]
[SourceVersion "1"]
[SourceVersionDate "2011.11.26"]
[SourceQuality "1"]

1. c4 Nf6 2. Nc3 g6 3. e4 d6 4. d4 Bg7 5. Nf3 O-O 6. Be2 e5 7. O-O Nc6 8. d5 Ne7 9. Ne1 Ne8 10. Be3 f5 11. f3 f4 12. Bf2 g5 13. g4 Nf6 14. b4 h5 15. h3 Ng6 16. c5 Kf7 17. cxd6 cxd6 18. Rc1 hxg4 19. hxg4 Rh8 20. Nd3 Bd7 21. Kg2 Nh4+ 22. Bxh4 Rxh4 23. Rh1 Qh8 24. Rxh4 Qxh4 25. Qe1 Qh7 26. Qh1 Qg6 27. Nf2 Rh8 28. Qg1 Rh4 29. Nb5 Ke7 30. Nxa7 Qe8 31. b5 Qd8 32. a4 Ne8 33. Qe1 Bf6 34. a5 Kf7 35. b6 Be7 36. Qb4 Nf6 37. Nb5 Qh8 38. Rh1 Rxh1 39. Nxh1 Ne8 40. Qe1 Nf6 41. Qb4 Qc8 42. Nf2 Qc2 43. Qc4 Qb2 44. a6 bxa6 45. b7 Bxb5 46. b8=Q Nd7 47. Qb7 Nc5 48. Qxc5 dxc5 49. d6 Qxe2 50. Qxe7+ Kg6 51. Qe6+ Kh7 52. Qf5+ Kh6 53. Qf8+ Kg6 54. Qf5+ Kh6 55. Qf6+ Kh7 56. Qf7+ Kh6 57. Qh5+ Kg7 58. Qxg5+ Kf7 59. Qf5+ Kg8 60. Qc8+ Kf7 61. Qxc5 Qf1+ 62. Kh2 Bd7 63. Qd5+ Kf8 64. Qa2 Bb5 65. Qc2 Bc4 66. Qb2 Be2 67. Qb8+ Kg7 68. Qa7+ Kg6 69. Qb6 Bxf3 70. d7+ Kg7 71. Qf6+ Kxf6 72. d8=Q+ Kg7 73. Qe7+ Kg8 74. Qe8+ Kh7 75. Qf7+ Kh8 76. Qh5+ Kg8 77. Qe8+ Kh7 78. Qe7+ Kg8 79. Qe6+ Kh7 80. Qf5+ Kg8 81. Qe6+ Kh7 82. Qe7+ 1/2-1/2

[Event "Alberta-ch"]
[Site "Edmonton CAN"]
[Date "2008.03.22"]
[Round "3"]
[White "Kaminski, Victor"]
[Black "Kazmaier, Daniel"]
[Result "1-0"]
[WhiteElo "2291"]
[BlackElo "2262"]
[PlyCount "65"]
[GameId "2160767910351390"]
[EventDate "2008.03.21"]
[EventType "tourn"]
[EventRounds "5"]
[EventCountry "CAN"]
[SourceTitle "EXT 2011"]
[Source "ChessBase"]
[SourceDate "2011.11.26"]
[SourceVersion "1"]
[SourceVersionDate "2011.11.26"]
[SourceQuality "1"]

1. d4 f5 2. g3 d6 3. Nf3 Nf6 4. Bg2 g6 5. O-O Bg7 6. c4 O-O 7. Nc3 Qe8 8. Qc2 c6 9. b3 a5 10. Bb2 Na6 11. a3 e5 12. dxe5 dxe5 13. Na4 e4 14. Nd4 g5 15. Nb6 Rb8 16. Nxc8 Qxc8 17. Qd2 h6 18. Qxa5 c5 19. Nb5 Qe8 20. Rad1 Ng4 21. Bxg7 Kxg7 22. h3 Nf6 23. Qc3 Kg6 24. Rd6 Rd8 25. Rfd1 Rxd6 26. Rxd6 Qe7 27. Qd2 Nb8 28. Qd5 Re8 29. Qxc5 Nc6 30. Nc3 e3 31. Nd5 exf2+ 32. Kh2 Kg7 33. Nxe7 1-0

[Event "Alberta-ch"]
[Site "Edmonton CAN"]
[Date "2008.03.23"]
[Round "4"]
[White "Gardner, Robert"]
[Black "Kaminski, Victor"]
[Result "1/2-1/2"]
[WhiteElo "2279"]
[BlackElo "2291"]
[PlyCount "30"]
[GameId "2160767910351391"]
[EventDate "2008.03.21"]
[EventType "tourn"]
[EventRounds "5"]
[EventCountry "CAN"]
[SourceTitle "EXT 2011"]
[Source "ChessBase"]
[SourceDate "2011.11.26"]
[SourceVersion "1"]
[SourceVersionDate "2011.11.26"]
[SourceQuality "1"]

1. f4 g6 2. Nf3 d5 3. e3 Bg7 4. Be2 c5 5. O-O Nc6 6. d3 Nf6 7. a4 O-O 8. c3 d4 9. e4 e5 10. f5 dxc3 11. bxc3 gxf5 12. exf5 e4 13. Ng5 exd3 14. Qxd3 Qxd3 15. Bxd3 Ne5 1/2-1/2